1545 1588 1376 1731 1351 1226 1536 1015 1922 1714 1552 1115 1355 1114 1812 1059 1499 1336 1003 1941 1621 1539 1215 1862 1462 1627 1718 1219 1485 1057 1508 1654 1765 1883 1056 1122 1991 1835 1215 1343 1271 1692 1712 1061 1244 1493 1236 1760 1137 1769 1465 1871 1553 1663 1402 1446 1976 1662 1048 1885 1842 1045 1525 1079 1447 1856 1741 1368 1432 1061 1036 1507 1644 1699 1891 1985 1961 1811 1835 1148 1740 1194 1730 1774 1593 1995 1342 1641 1669 1679 1923 1292 1694 1369 1995 1811 1520 1214 1567 BCNSPRNW ULIB Ver.6.0+V

เปลี่ยนเป็นภาษาไทย

Change to English
 แสดงรายละเอียดบรรณานุกรม
  กลับหน้าหลัก

Brief Record : Get Marc (ISO 2709) : E-mail record : QR code < ปิดหน้าต่าง
LEADER : 00000nam 2200000uu 4500
001    13399123899
003     ULIB
008    141214s2555||||th 000 0 tha d
020    ^a9789749510438
060  4 ^aWR100^bป493ร
100 0  ^aปรียา กุลละวณิชย์,^eบรรณาธิการ
245 00 ^aตำราโรคผิวหนังในเวชปฏิบัติปัจจุบัน =^bDermatology 2020 /^cบรรณาธิการ: ปรียา กุลละวณิชย์, ประวิตร พิศาลบุตร
246 31 ^aDermatology 2020
250    ^aพิมพ์ครั้งที่ 1
260    ^aกรุงเทพฯ :^bโฮลิสติก พับลิชชิ่ง,^c2555
300    ^a906 หน้า :^bภาพประกอบ
505 0  ^a^aEczema and contact dermatitis -- Occupational skin diseases -- Facial dermatitis -- Erythema -- Cutaneous adverse drug reactions -- Cutaneous small vessel vascultis -- Cutaneous manifestation of connective tissue diseases -- Photobiology and photomedicine -- Vesiculobullous diseases - Papulosquamous disorders -- Pigmentary disorders -- The diseases of sebaceous glands:acne -- Granulomatous dermatitis: a clinicopathologic correlation -- Malignant skin tumors -- Viral infections of the skin -- Bacterial infections of the skin -- Superficial and cutaneous mycoses -- Subcutaneous mycoses -- mycobacterial infections of the skin -- Leprosy (Hansen^'s disease) -- Sexually transmitted diseases -- Parasitic infestations of the skin -- Genodermatoses -- Skin changes and diseases in pregnancy -- Aging and geriatric dermatology -- Diseases of metabolism -- Dermatologic manifestations in systemic diseases -- Pruritus and systemic diseases -- The Skin and the mind -- Nali disorders -- Diseases of hair and hair follicles -- Oral mucous membrane lesions -- Diseases of male genitalia -- Dermatologic diagnosis -- Skin biopsy -- Basic dermatopathology -- Topical and systemic treatments -- Sunsreens -- Antihistamines -- Systemic glucocorticoids -- Immunotherapy, stem cell and gene therapy in dermatology -- Systemic retinoids -- Laser applications in dermatology -- Fillers -- Physical procedures for treating acne, acne scar, and melasma -- Botulinum toxin in dermatology -- Alternative medicine in dermatology^b^c
650  7 ^aผิวหนัง^xโรค
650  7 ^aผิวหนัง, วิทยาโรค
650  7 ^aผิวหนัง, โรค^xการวินิจฉัย
650  7 ^aผิวหนัง, โรค^xการรักษา
700 0  ^aประวิตร พิศาลบุตร,^eบรรณาธิการ
945    ^p2^l0^i22573
999    ^aทศพร เกษรทอง
รายการนี้ยังไม่มีแท็ก
คุณยังไม่ได้ล็อกอิน คุณสามารถมีกิจกรรมร่วมกับเว็บไซต์ได้ แต่ต้องล็อกอินก่อน ::
  ล็อกอิน

รายการสื่อสารสนเทศ

ลำดับที่ ประเภท เลขเรียก/บาร์โค้ด สถานที่ สถานะ
1. วิทยาศาสตร์การแพทย์ และสุขภาพ
หนังสือสำรอง
สถานะ=หนังสือสำรอง
WR100 ป493ร ฉ.1 
  Barcode: 22573
ห้องสมุดวิทยาเขตนครสวรรค์
►ส่วนจัดเก็บหนังสือเก่า นว.
บนชั้น
  ขอยืม

รายการใกล้เคียง
    หัวเรื่อง [ผิวหนัง, วิทยาโรค]

BibComment


ยังไม่เคยถูกคอมเมนท์

คอมเมนท์ทรัพยากรรายการนี้
  คอมเมนท์: ตำราโรคผิวหนังใน..


 Copyright 2026. Bcnsprnw @Library